AH International Schools' Libraries

International day / (Record no. 48685)

MARC details
000 -LEADER
fixed length control field 00304nam a2200121 4500
020 ## - INTERNATIONAL STANDARD BOOK NUMBER
International Standard Book Number 9780241437063
100 ## - MAIN ENTRY--PERSONAL NAME
Personal name Astley
9 (RLIN) 86167
245 ## - TITLE STATEMENT
Title International day /
Statement of responsibility, etc Astley
260 ## - PUBLICATION, DISTRIBUTION, ETC. (IMPRINT)
Place of publication, distribution, etc UK
Name of publisher, distributor, etc Ladybird
Date of publication, distribution, etc 2003
300 ## - PHYSICAL DESCRIPTION
Extent unpaged.
Other physical details col. ill.: (small book)
Dimensions 13 cm.
490 ## - SERIES STATEMENT
Series statement Peppa Pig
942 ## - ADDED ENTRY ELEMENTS (KOHA)
Source of classification or shelving scheme
Koha item type Book
Holdings
Withdrawn status Lost status Source of classification or shelving scheme Damaged status Not for loan Home library Current library Shelving location Date acquired Total Checkouts Full call number Barcode Checked out Date last seen Date checked out Price effective from Koha item type
          Asian Hope Early Years Library Asian Hope Early Years Library Easy Reading 03/21/2025 6 E AST 207332 04/21/2026 04/21/2026 04/21/2026 03/21/2025 Book

For any Logos Library related questions please contact Miss Art at swongnarasuk@asianhope.org.

For any Asian Hope Library related questions please contact Miss Raza at graza@asianhope.org.

Click here to explore our ebooks!

Powered by Koha